| 000 | 00643nam a2200229Ia 4500 | ||
|---|---|---|---|
| 003 | OSt | ||
| 005 | 20220928144840.0 | ||
| 006 | a|||||r|||| 00| 0 | ||
| 007 | ta | ||
| 008 | 220927b |||||||| |||| 00| 0 eng d | ||
| 024 | _a76381 | ||
| 037 | _cTextual | ||
| 040 |
_aSDCL _cSDCL _beng |
||
| 041 |
_2eng _aeng |
||
| 082 | _aJB:527, N6 | ||
| 100 |
_aDe Graaf Richard M Ed. _9509923 |
||
| 245 | 0 | _aConservation of faunal diversity in forested landscape. | |
| 260 | _c1996 | ||
| 700 |
_a Miller Ronald I Ed. _9509924 |
||
| 942 |
_hJB:527, N6 _cTEXL _2CC |
||
| 999 |
_c829926 _d829926 |
||